Hoá keo : (Hoá lý các hệ vi dị thể và hiện tượng bề mặt)

Đã lưu trong:
书目详细资料
主要作者: Mai Hữu Khiêm
格式: 图书
语言:Vietnamese
出版: Đại học Quốc gia Tp.HCM 2008
标签: 添加标签
没有标签, 成为第一个标记此记录!
Thư viện lưu trữ: Mạng thư viện Đại học Đà Nẵng
LEADER 00684nam a2200253 4500
001 000021779
003 18227
005 20150423090423.0
008 150423s2008 viesd
020 |c 24500 
041 0 |a vie 
082 1 4 |a 541,34508  |b MA-K 
100 1 |a Mai Hữu Khiêm 
245 1 0 |a Hoá keo : (Hoá lý các hệ vi dị thể và hiện tượng bề mặt)  |c Mai Hữu Khiêm 
260 |b Đại học Quốc gia Tp.HCM  |c 2008 
300 |a tr.  |c cm. 
OWN |a LSP 
999 |a From the UDN01 
TYP |a Monograph 
TYP |a Printed language 
980 |a Mạng thư viện Đại học Đà Nẵng